000
00309nam a2200133Ia 4500
008
190216s9999||||xx |||||||||||||| ||und||
100
_a
Sharon P. Podlin
245
0
_a
Visual Basic-5
250
_a
1st Ed.
260
_b
Galgotia Publication Pvt Ltf
_c
1998
300
_a
443
650
_a
Computer
942
_c
BK
999
_c
8592
_d
8592